| 000 | 00486 a2200181 4500 | ||
|---|---|---|---|
| 003 | Nust | ||
| 005 | 20230523125007.0 | ||
| 020 | _a0760702284 | ||
| 040 | _cNust | ||
| 082 | _a001.9603,ENC | ||
| 100 |
_aHole, Christina (Ed.) _9112541 |
||
| 245 |
_aThe Encyclopedia of Superstitions / _cChristina Hole, M.A. Radford, |
||
| 260 |
_aNew York _bBarnes & Nobles _c1961 |
||
| 300 | _a384 p. | ||
| 538 | _aAlmirah No.19 Shelf No.1 | ||
| 610 |
_aSuperstitions _9112542 |
||
| 942 |
_cBKB _2ddc |
||
| 999 |
_c174875 _d174875 |
||